Conceptos de edafología y nutrición mineral /

Guardado en:
Autor Principal: Peinemann, Norman
Formato: Libro
Publicado: Bahía Blanca : Ediuns, 1998
Series:Docencia
Materias:
Etiquetas: Agregar Etiqueta
Sin Etiquetas, Sea el primero en etiquetar este registro!
LEADER 01096nam a22002175a 4500
001 CEM.cems017916
005 20121115112945.0
008 130507s1998##################000#0#####d
003 CEMS
020 |a 9879281004 
082 0 4 |a 631.4 
100 1 |a Peinemann, Norman 
245 1 0 |a Conceptos de edafología y nutrición mineral /  |c Norman Peinemann 
260 |a Bahía Blanca :  |b Ediuns,  |c 1998 
300 |a 227 p. 
490 0 |a Docencia 
505 0 |a Edafología -- Constituyentes del suelo -- Masa del suelo -- Desarrollo de suelos -- Tipos de suelo -- Propiedades de los suelos como medio de sustento -- Nutrición mineral -- Compuestos nutrientes -- Bioquímica de las plantas -- Factores climáticos y agua -- Nutrientes como factores del crecimiento -- Compuestos orgánicos como factores del crecimiento -- Fertilizantes y fundamentos de la fertilización -- Determinación del requerimiento de fertilización -- Suministro de nutrientes y rendimiento 
653 |a Edafología 
653 |a Nutrición mineral 
653 |a Suelos 
859 |a CEMS  |b BIB. CEMS - Agricultura  |h 631.4  |i P442  |p A1696.12  |t Ej.1